000 00797nam a22002535i 4500
001 168626
003 ES-MaACL
005 20250303062550.0
008 080425s2007 sp |||| | spa d
020 _a978-84-264-1635-3
080 _a821.134.2 Pardo Bazán, Emilia 1.06
080 _a929 Pardo Bazán, Emilia
100 1 _aAcosta, Eva.
_9137692
245 1 0 _aEmilia Pardo Bazán
_b: la luz en la batalla /
_cEva Acosta.
250 _a1ª ed.
260 _aBarcelona :
_bLumen,
_c2007.
300 _a680 p., [16] p. de lám. ;
_c21 cm.
490 1 _aMemorias y biografías
600 1 4 _aPardo Bazán, Emilia,
_cCondesa de,
_d1851-1921
_9176434
830 0 _aMemorias y biografías (Editorial Lumen)
_9234392
852 _aES-MaACL
_jL-29369
942 _2udc
999 _c168626
_d168626